000
00275nam a2200097Ia 4500
005
20250424112911.0
008
250424s9999 xx 000 0 und d
300
_a
68 p. ; 29 cm.
650
_a
Sociology, Rural--Periodicals. Nigeria--Rural conditions--Periodicals.
942
_c
SR
999
_c
37776
_d
37776